|
|
|
|
| LEADER |
00000nab a2200000 a 4500 |
| 001 |
vtls000745428 |
| 003 |
SK-MaSNL |
| 005 |
20260304125142.0 |
| 008 |
250429c2000 xo 0 slo |
| 015 |
|
|
|a SNBRB2001/02-04424
|
| 035 |
|
|
|a CLN000097262
|
| 035 |
|
|
|a urn:nbn:sk:snk-abbtyr
|
| 035 |
|
|
|a (urnnbn)urn:nbn:sk:snk:ar-001ict
|
| 035 |
|
|
|a (uuid)5071a69c-4b87-4515-8d94-14cd3ef9a98f
|
| 040 |
|
|
|a SNKBUCL
|b slo
|c SNKBUCL
|e AACR2
|
| 041 |
0 |
|
|a slo
|
| 044 |
|
|
|a xo
|c SK
|
| 080 |
|
|
|a 669.15'24'26'28:536.7
|2 1997
|
| 080 |
|
|
|a 536.7
|2 1997
|
| 100 |
1 |
|
|a Homolová, Viera,
|d 1973-
|4 aut
|9 16862
|
| 245 |
1 |
0 |
|a Teoretické a experimentálne štúdium fázových rovnováh v austenitických oceliach
|c Viera Homolová, Pavol Záhumenský, Aleš Kroupa
|
| 300 |
|
|
|b Grafy, tab.
|
| 504 |
|
|
|a Res. angl., slov.
|
| 504 |
|
|
|a Bibliogr. odkazy
|
| 650 |
0 |
7 |
|a austenitické ocele
|2 snkbucl
|9 72698
|
| 650 |
0 |
7 |
|a ocele Fe-Cr-Mo-Ni
|2 snkbucl
|9 1437375
|
| 650 |
0 |
7 |
|a fázové rovnováhy
|2 snkbucl
|9 113025
|
| 655 |
|
7 |
|a články z novín a časopisov
|2 snkbucl
|9 267496
|
| 700 |
1 |
|
|a Záhumenský, Pavol
|4 aut
|9 793352
|
| 700 |
1 |
|
|a Kroupa, Aleš
|4 aut
|9 811467
|
| 773 |
0 |
|
|t Kovové materiály
|g Roč. 38, č. 6 (2000), s. 365-375
|x 0023-432X
|
| 850 |
|
|
|a Slovenská národná knižnica
|
| 852 |
|
|
|a Slovenská národná knižnica
|
| 958 |
|
|
|a article15
|
| 958 |
|
|
|a NB
|
| 958 |
|
|
|a RBX
|
| 958 |
|
|
|a OND
|
| 958 |
|
|
|a EUIPO
|
| 999 |
|
|
|c 2893290
|d 2895220
|